The -stans From Flag - Statistics

General Stats
  • This quiz has been taken 25 times
  • The average score is 6 of 7
Answer Stats
Picture Answer % Correct
Kazakhstan
94%
Afghanistan
89%
Kyrgyzstan
89%
Pakistan
89%
Tajikistan
83%
Turkmenistan
83%
Uzbekistan
83%
No matching quizzes found
Score Distribution
Percent of People with Each Score
Percentile by Number Answered
Your Score History
You have not taken this quiz